000 00579nam a2200181Ia 4500
008 140321s9999 xx 000 0 und d
020 _a9789719800064
050 _aPL 6151
_b.Ev74 2013
100 _aEvasco, Eugene Y.
245 _aMalikhaing sanaysay :
_banyo, kasaysayan, at antolohiya /
_cEugene Y. Evasco, Will P. Ortiz and Elyrah L. Salanga-Torralba.
260 _aQuezon City :
_bC & E Pub.,
_cc2013.
300 _a244 p. :
_c22 cm.
521 _aMC
650 _aCreative essay writing
_xStudy and teaching.
650 _aEssay.
942 _kLOC
_cBK
999 _c48271
_d48271